Statistics for Rooney Mara Filmography

Click here to take the quiz!

General Stats

  • This quiz has been taken 27 times
    (5 since last reset)
  • The average score is 12 of 37

Answer Stats

TypeYearName% Correct
Film2011The Girl with the Dragon Tattoo
100%
Film2010A Nightmare on Elm Street
80%
Film2010The Social Network
80%
Film2018Mary Magdalene
60%
Film2017A Ghost Story
40%
Film2015Carol
40%
Film2013Her
40%
Film2016Lion
40%
Film2021Nightmare Alley
40%
Film2015Pan
40%
Film2016Una
40%
Film2022Women Talking
40%
Film2009Youth in Revolt
40%
Film2013Ain't Them Bodies Saints
20%
Commercial2019Apple iPhone
20%
TV Mini-SeriesTBABrideshead Revisited
20%
Commercial2013Calvin Klein
20%
Film2009Dare
20%
Documentary2018Dominion
20%
Film2018Don't Worry, He Won't Get Far on Foot
20%
Film2008Dream Boy
20%
TV Show2009ER
20%
Film2009Friends (With Benefits)
20%
Film2016Kubo and the Two Strings
20%
FilmTBALa Cocina
20%
TV Show2006Law & Order: Special Victims Unit
20%
Film2013Side Effects
20%
Film2017Song to Song
20%
Film2009Tanner Hall
20%
TV Show2008The Cleaner
20%
Film2017The Discovery
20%
FilmTBAThe Island
20%
Film2016The Secret Scripture
20%
Film2009The Winning Season
20%
Film2014Trash
20%
Film2005Urban Legends: Bloody Mary
20%
TV Show2007Women's Murder Club
20%

Score Distribution

Percentile by Number Answered

Percent of People with Each Score

Your Score History

You have not taken this quiz since the last reset